Filmographie de Tom Cruise par images - Statistiques

Statistiques générales
  • Ce quiz a été pris 408 fois
  • Le résultat moyen est 11 sur 20
Statistiques - réponses
Par images Hint Réponse % Correct
1996 Mission Impossible
98%
1986 Top Gun
98%
2022 Top Gun : Maverick
82%
2002 Minority Report
70%
1988 Rain Man
68%
2003 Le Dernier Samouraï
64%
1994 Entretien avec un vampire
62%
2014 Edge of Tomorrow
57%
2005 La Guerre des Mondes
56%
1999 Eyes Wide Shut
53%
2004 Collatéral
48%
2013 Oblivion
48%
2012 Jack Reacher
45%
2001 Vanilla Sky
45%
1989 Né un 4 juillet
40%
1992 Des hommes d'honneur
36%
2008 Tonnerre sous les tropiques
29%
1986 La Couleur de l'argent
28%
1999 Magnolia
28%
2002 Austin Powers dans Goldmember
24%
Aucun quiz correspondant
Distribution des résultats
% des personnes avec chaque résultat
Percentile par nombre de réponses
Votre historique - résultats
Vous n’avez pas pris ce quiz